000 00712nam a2200265Ia 4500
005 20260121172946.0
008 008 260114s9999 xx 000 0 eng d
020 _a9783662644379
037 _aEBOOK
040 _aCRL
040 _beng
040 _cCRL
041 _2eng
041 _aeng
084 _qCRL
100 _aUlf Lubienetzki, Heidrun Schüler-Lubienetzki
_91094880
245 0 _aHow We Talk to Each Other - The Messages We Send With Our Words and Body Language
260 _bSpringer
260 _bSpringer
260 _c2022
856 _uhttps://link.springer.com/openurl?genre=book&isbn=978-3-662-64437-9
942 _cEBOOK
999 _c1660622
_d1660622